| 000 | 00719nam a2200181 4500 | ||
|---|---|---|---|
| 999 |
_c10819 _d10819 |
||
| 008 | 180921b ||||| |||| 00| 0 eng d | ||
| 020 | _a978-971-98-0873-2 | ||
| 082 |
_22018 _aDFil 651.7 _bB278 |
||
| 100 |
_aBarrot, Jessie S. _931481 |
||
| 245 |
_aBusiness correspondence with style: _ba guide to effective business English and correspondence for college students and professionals/ _cJessie S. Barrot |
||
| 260 |
_aQuezon City: _bC & E Publishing , Inc., _c©2018. |
||
| 300 |
_aviii, 321 pages : _billustrations ; _c25 cm. |
||
| 500 | _aIncludes bibliographical references and index. | ||
| 650 |
_aBusiness letters. _98245 |
||
| 650 |
_aBusiness communication. _931482 |
||
| 365 |
_b475.00 _cPhp |
||
| 942 |
_2ddc _cDFIL |
||